Wind energy systems : (Record no. 355246)

000 -LEADER
fixed length control field 01166cam a2200325 a 4500
001 - CONTROL NUMBER
control field 17070545
003 - CONTROL NUMBER IDENTIFIER
control field Nust- CAS-E
005 - DATE AND TIME OF LATEST TRANSACTION
control field 20180118181354.0
008 - FIXED-LENGTH DATA ELEMENTS--GENERAL INFORMATION
fixed length control field 111203s2012 flua b 001 0 eng
010 ## - LIBRARY OF CONGRESS CONTROL NUMBER
LC control number 2011046928
016 7# - NATIONAL BIBLIOGRAPHIC AGENCY CONTROL NUMBER
Record control number 015899676
Source Uk
020 ## - INTERNATIONAL STANDARD BOOK NUMBER
International Standard Book Number 9781439821794
020 ## - INTERNATIONAL STANDARD BOOK NUMBER
International Standard Book Number 1439821798
035 ## - SYSTEM CONTROL NUMBER
System control number (OCoLC)ocn738354930
040 ## - CATALOGING SOURCE
Original cataloging agency DLC
Language of cataloging eng
Transcribing agency DLC
Modifying agency YDX
-- BTCTA
-- UKMGB
-- SCT
-- YDXCP
-- BWX
-- DLC
042 ## - AUTHENTICATION CODE
Authentication code pcc
050 00 - LIBRARY OF CONGRESS CALL NUMBER
Classification number TK1541
Item number .G37 2012
082 00 - DEWEY DECIMAL CLASSIFICATION NUMBER
Classification number 621.312136
Edition number 23
Author Mark GAR 2012
100 1# - MAIN ENTRY--PERSONAL NAME
Personal name Garc�ia-Sanz, Mario.
245 10 - TITLE STATEMENT
Title Wind energy systems :
Remainder of title control engineering design /
Statement of responsibility, etc. Mario Garcia-Sanz, Constantine H. Houpis.
260 ## - PUBLICATION, DISTRIBUTION, ETC.
Place of publication, distribution, etc. Boca Raton, FL :
Name of publisher, distributor, etc. CRC Press,
Date of publication, distribution, etc. c2012.
300 ## - PHYSICAL DESCRIPTION
Extent xx, 603 p. :
Other physical details ill. (some col.) ;
Dimensions 27 cm.
504 ## - BIBLIOGRAPHY, ETC. NOTE
Bibliography, etc. note Includes bibliographical references and index.
650 #0 - SUBJECT ADDED ENTRY--TOPICAL TERM
Topical term or geographic name entry element Wind energy conversion systems
General subdivision Automatic control.
650 #0 - SUBJECT ADDED ENTRY--TOPICAL TERM
Topical term or geographic name entry element Wind turbines
General subdivision Automatic control.
700 1# - ADDED ENTRY--PERSONAL NAME
Personal name Houpis, Constantine H.
906 ## - LOCAL DATA ELEMENT F, LDF (RLIN)
a 7
b cbc
c orignew
d 1
e ecip
f 20
g y-gencatlg
942 ## - ADDED ENTRY ELEMENTS (KOHA)
Source of classification or shelving scheme
Koha item type Book
Holdings
Withdrawn status Lost status Source of classification or shelving scheme Damaged status Not for loan Permanent Location Current Location Shelving location Date acquired Source of acquisition Total Checkouts Full call number Barcode Date last seen Cost, replacement price Price effective from Koha item type
          US-Pakistan Center for Advanced Studies in Energy (USPCAS-E) US-Pakistan Center for Advanced Studies in Energy (USPCAS-E) General Stacks 04/12/2013 Victoria co   621.312136 GAR 2012 CAS-E0000103 11/24/2014 10931.00 02/17/2014 Book
© 2023 Central Library, National University of Sciences and Technology. All Rights Reserved.